Návrh zavedenia uszp v podniku RAJEC INDUSTRY, spol. s r. o. V kontexte Národnej ceny SR za spoločenskú zodpovednosť
Kritická systémová historicko-logická analýza pojmu spoločenská zodpovednosť. Kritické zhodnotenie základných koncepcií a princípov spoločenskej zodpovednosti. Kritická analýza CSR podľa Správy o sociálnej zodpovednosti podnikov. Zodpovedné a transparentné správanie podnikov a udržateľný rast.
Uložené v:
| Hlavný autor: | |
|---|---|
| Ďalší autori: | , |
| Médium: | Kapitola |
| Jazyk: | Slovak |
| Predmet: | |
| Tagy: |
Žiadne tagy, Buďte prvý, kto otaguje tento záznam!
|
MARC
| LEADER | 00000nla a2200000 4500 | ||
|---|---|---|---|
| 001 | 0247410 | ||
| 005 | 20240417075144.4 | ||
| 041 | 0 | |a slo | |
| 044 | |a SK | ||
| 245 | 1 | 0 | |a Návrh zavedenia uszp v podniku RAJEC INDUSTRY, spol. s r. o. V kontexte Národnej ceny SR za spoločenskú zodpovednosť |c Mikuláš Gavrilo, Tibor Rajec, Peter Sakál |
| 520 | |a Kritická systémová historicko-logická analýza pojmu spoločenská zodpovednosť. Kritické zhodnotenie základných koncepcií a princípov spoločenskej zodpovednosti. Kritická analýza CSR podľa Správy o sociálnej zodpovednosti podnikov. Zodpovedné a transparentné správanie podnikov a udržateľný rast. | ||
| 610 | 2 | 0 | |a zodpovednosť spoločenská |
| 610 | 2 | 0 | |a história |
| 610 | 2 | 0 | |a zodpovednosť podniku spoločenská |
| 610 | 2 | 0 | |a podnikanie zodpovedné |
| 610 | 2 | 0 | |a rozvoj trvalo udržateľný |
| 610 | 2 | 0 | |a riadenie strategické |
| 610 | 2 | 0 | |a Slovensko |
| 100 | 1 | |a Gavrilo, Mikuláš | |
| 700 | 1 | |a Rajec, Tibor | |
| 700 | 1 | |a Sakál, Peter | |